[Event "Berlin op"]
[Site "Berlin-West"]
[Date "1988.??.??"]
[Round "5"]
[White "Gheorghiu, Florin"]
[Black "Kraut, Rainer"]
[Result "1-0"]
[WhiteElo "2485"]
[BlackElo "2390"]

1.Nf3 Nf6 2.c4 g6 3.Nc3 Bg7 4.e4 O-O 5.d4 d6 6.Be2 e5 7.Be3 Nbd7 8.d5 Ng4
9.Bg5 f6 10.Bh4 h5 11.Nd2 Nh6 12.f3 Nf7 13.Qc2 Bh6 14.Bf2 a5 15.O-O-O Nc5
16.Kb1 Bd7 17.Nb3 Nxb3 18.Qxb3 b6 19.Qc2 Kh8 20.Bd3 Ng5 21.Rhf1 Kg7 22.b3 Nh7
23.h3 Bg5 24.Ne2 h4 25.f4 Bxf4 26.Nxf4 exf4 27.Bxh4 Rh8 28.Be1 g5 29.h4 Nf8
30.hxg5 Ng6 31.Bc3 Ne5 32.Rxf4 fxg5 33.Bxe5+ dxe5 34.Rf2 Qe7 35.c5 bxc5 36.Rc1 Rhf8
37.Rxf8 Kxf8 38.Qf2+ Kg7 39.Qxc5 Qxc5 40.Rxc5 Ra7 41.Bb5 Bxb5 42.Rxb5 Kg6
43.a4 Ra6 44.Rc5 Rf6 45.Rc6 Rxc6 46.dxc6  1-0

[Event "Berlin op"]
[Site "Berlin-West"]
[Date "1988.??.??"]
[Round "7"]
[White "Horvath, Gyula"]
[Black "Kindermann, Stefan"]
[Result "1/2-1/2"]
[WhiteElo "2445"]
[BlackElo "2525"]

1.Nf3 Nf6 2.c4 g6 3.Nc3 Bg7 4.e4 d6 5.d4 O-O 6.Be2 e5 7.Be3 h6 8.dxe5 Ng4
9.Bf4 Nxe5 10.Qd2 Kh7 11.O-O Nbc6 12.Rac1 a6 13.Rfd1 Be6 14.b3 Rb8 15.Be3 Ng4
16.Bf4 Nge5 17.Be3 Nxf3+ 18.Bxf3 Be5 19.Be2 g5 20.Nd5 Ne7 21.Nxe7 Qxe7 22.c5 Rfd8
23.Qc2 dxc5 24.Bxc5 Qf6 25.Be3 Rxd1+ 26.Rxd1 Rd8 27.Rxd8 Qxd8 28.Qd1 Qxd1+
29.Bxd1 f5 30.exf5 Bxf5 31.g3 Bc3 32.Kg2 Kg6 33.h3 b6 34.f4 gxf4 35.Bxf4 c5
36.g4 Bb1 37.a4 b5 38.axb5 axb5 39.Kf2 Be4 40.Be3 c4 41.bxc4 bxc4 42.Be2 Bd5
43.h4 Bf6 44.g5 hxg5 45.hxg5 Bxg5  1/2-1/2

[Event "Berlin op"]
[Site "Berlin-West"]
[Date "1988.??.??"]
[Round "7"]
[White "Petran, Pal"]
[Black "Marin, Mihail"]
[Result "1/2-1/2"]
[WhiteElo "2425"]
[BlackElo "2480"]

1.d4 Nf6 2.Nf3 g6 3.c4 Bg7 4.Nc3 O-O 5.e4 d6 6.Be2 Nbd7 7.O-O e5 8.Re1 c6
9.Bf1 exd4 10.Nxd4 Ng4 11.h3 Qb6 12.hxg4 Qxd4 13.Be3 Qe5 14.Qd2 Qe7 15.Rad1 Ne5
16.f3 Be6 17.b3 Rad8 18.Ne2 a6 19.Nf4 Bh6 20.Nd5 Bxe3+ 21.Nxe3 b5 22.Qf2 bxc4
23.Bxc4 Bxc4 24.Nxc4 Nxc4 25.bxc4 Rb8 26.Qd4 Rfd8 27.Re3 Rb4 28.Rb3 Ra4 29.a3 d5  1/2-1/2

[Event "Berlin op"]
[Site "Berlin-West"]
[Date "1988.??.??"]
[Round "8"]
[White "Semkov, Semko"]
[Black "Carstens, Andreas"]
[Result "1-0"]
[WhiteElo "2445"]
[BlackElo "2140"]

1.d4 Nf6 2.c4 d6 3.Nc3 Nbd7 4.Nf3 g6 5.e4 e5 6.Be2 Bg7 7.O-O O-O 8.Be3 Ng4
9.Bg5 f6 10.Bc1 Nh6 11.dxe5 dxe5 12.b4 a5 13.b5 Nf7 14.Ba3 Re8 15.Qc2 c6
16.Rfd1 Qc7 17.bxc6 bxc6 18.c5 Nf8 19.Na4 Bg4 20.Nb6 Ra7 21.Nc4 Ne6 22.Nd6 Re7
23.Qc4 Bf8 24.h3 Bxf3 25.Bxf3 Nd4 26.Bg4 h5 27.Rxd4 exd4 28.Be6 Rxe6 29.Qxe6 Qe7
30.Qc4 Qe5 31.Rd1 Bxd6 32.cxd6 Qxe4 33.Rxd4 Qe1+ 34.Kh2 Rd7 35.Re4 Qxf2 36.Re7 Rxe7
37.dxe7 Qe3 38.Qxc6 Qe5+ 39.g3 Nd6 40.Bxd6  1-0

[Event "Berlin op"]
[Site "Berlin-West"]
[Date "1988.??.??"]
[Round "9"]
[White "Kuzmin, Gennadi P"]
[Black "Portisch, Ferenc"]
[Result "1-0"]
[WhiteElo "2475"]
[BlackElo "2410"]

1.d4 Nf6 2.c4 g6 3.Nc3 Bg7 4.e4 d6 5.Be2 O-O 6.Nf3 e5 7.d5 Nbd7 8.Be3 Nc5
9.Nd2 a5 10.g4 c6 11.g5 Ne8 12.h4 f5 13.Nb3 Nxe4 14.Nxe4 fxe4 15.c5 a4 16.Bc4 b5
17.cxb6 c5 18.Nxc5 Qxb6 19.Rc1 Qb4+ 20.Kf1 Qxb2 21.Nxa4 Qa3 22.Bb3 Rf3 23.Nb6 Ba6+
24.Kg2 Rb8 25.Nc4 Qb4 26.Qc2 Rf7 27.Qxe4 Bc8 28.Nd2 Qb7 29.h5 Bf5 30.Qa4 gxh5
31.Rxh5 Bf8 32.Rh4 Ng7 33.Rb1 Bg6 34.Ne4 Nf5 35.Nf6+ Rxf6 36.gxf6 Nxh4+ 37.Qxh4 Qf7
38.Kh2 Qd7 39.Rg1 Qf5 40.Rg3 Kf7 41.Qa4 Rd8 42.Bd1 Qd3 43.Qa7+ Kg8 44.f7+ Kg7
45.Bh6+  1-0

[Event "Bern op"]
[Site "Bern"]
[Date "1988.??.??"]
[Round "?"]
[White "Huss, Andreas"]
[Black "Giertz, Niklaus"]
[Result "1/2-1/2"]
[WhiteElo "2390"]
[BlackElo "2035"]

1.d4 Nf6 2.Nf3 g6 3.c4 Bg7 4.Nc3 O-O 5.e4 d6 6.Be2 e5 7.d5 Nbd7 8.O-O a5
9.Qc2 Nc5 10.Bg5 h6 11.Be3 b6 12.Nd2 Bd7 13.b3 Nh7 14.Rae1 f5 15.exf5 gxf5
16.f4 Kh8 17.Nf3 Rg8 18.fxe5 dxe5 19.Qc1 e4 20.Nd4 Be5 21.Nxf5 Bxf5 22.Rxf5 Bxh2+
23.Kh1 Be5 24.Bf2 Qd7 25.g4 Qg7 26.Nb5 Nd3 27.Qe3 Nxe1  1/2-1/2

[Event "Borzhomi"]
[Site "Borzhomi"]
[Date "1988.??.??"]
[Round "?"]
[White "Shirov, Alexei"]
[Black "Akopian, Vladimir"]
[Result "1-0"]
[WhiteElo "2380"]
[BlackElo "2455"]

1.d4 Nf6 2.c4 g6 3.Nc3 Bg7 4.e4 d6 5.Nf3 O-O 6.Be2 Nbd7 7.O-O e5 8.Qc2 exd4
9.Nxd4 Re8 10.Be3 c6 11.Rad1 Qe7 12.f3 d5 13.cxd5 cxd5 14.Ndb5 dxe4 15.fxe4 Nf8
16.Nd6 Rd8 17.Bc5 Qe5 18.Nd5 Rd7 19.Bd4 Qxd6 20.Bxf6 Qc6 21.Bc4 Bh6 22.Bc3 Bg5
23.Qf2 Qxc4 24.Nf6+ Bxf6 25.Qxf6 Qc5+ 26.Kh1 Qxc3 27.bxc3  1-0

[Event "Borzhomi"]
[Site "Borzhomi"]
[Date "1988.??.??"]
[Round "?"]
[White "Khenkin, Igor"]
[Black "Shirov, Alexei"]
[Result "1/2-1/2"]
[WhiteElo "2340"]
[BlackElo "2380"]

1.d4 Nf6 2.c4 g6 3.Nc3 Bg7 4.e4 d6 5.Nf3 O-O 6.Be2 e5 7.d5 a5 8.Bg5 h6 9.Bh4 Na6
10.Nd2 Qe8 11.O-O Nh7 12.a3 Bd7 13.b3 f5 14.exf5 Bxf5 15.g4 e4 16.Rc1 e3
17.fxe3 Qxe3+ 18.Bf2 Qg5 19.Kh1 Bd7 20.Nde4 Qe7 21.Qd3 Rae8 22.Ng3 Rf6 23.Kg2 Ng5
24.Bd4 Nc5 25.Bxf6 Nxd3 26.Bxe7 Nxc1 27.Bxg5 Nxe2 28.Ngxe2 hxg5 29.h3 c6
30.a4 cxd5 31.cxd5 Be5 32.Rf3 Kg7 33.Kf2 b5 34.axb5 Rb8 35.Ne4 Kh8 36.Rf7 Bxb5
37.Nf6 Bxf6 38.Rxf6 Bxe2 39.Kxe2 Rxb3 40.Rxd6 a4 41.Ra6 Kg7 42.Rxa4 Rxh3
43.Re4 Ra3 44.d6 Kf7 45.Rd4 Ra8 46.Rd5 Ke6 47.Rxg5 Kxd6 48.Rxg6+ Ke5 49.Kf3 Ra3+  1/2-1/2

[Event "JUG-chT (Women)"]
[Site "Brezovica"]
[Date "1988.??.??"]
[Round "?"]
[White "Maksimovic, Suzana"]
[Black "Petrovic, D."]
[Result "0-1"]
[WhiteElo "2255"]
[BlackElo "2225"]

1.d4 g6 2.c4 Bg7 3.Nc3 d6 4.e4 Nd7 5.Be2 e5 6.Nf3 Ngf6 7.O-O O-O 8.Qc2 h6
9.Rd1 exd4 10.Nxd4 Qe7 11.Ndb5 Nc5 12.f3 a6 13.Nd4 Ne6 14.Nxe6 Bxe6 15.Be3 Rfe8
16.Nd5 Bxd5 17.cxd5 Rac8 18.Qd2 Kh7 19.Rac1 Red8 20.Qb4 c5 21.dxc6 bxc6 22.Bxa6 Rb8
23.Bb6 Re8 24.Rxc6 Nd7 25.Kh1 Be5 26.g3 Nxb6 27.Rxb6 Qa7 28.Rxb8 Rxb8 29.Bb5 Qxa2
30.Qc4 Qa7 31.b3 Kg7 32.Qd3 Qf2 33.Bc4 Ra8 34.b4 Ra1 35.f4 Rxd1+ 36.Qxd1 Bd4
37.b5 h5 38.Qf1 Qe3 39.Bd5 f6 40.Kg2 Bc5 41.Bc6 Qd2+ 42.Kh1 h4 43.gxh4 Be3
44.e5 dxe5 45.fxe5 fxe5 46.Qb1 Qf2 47.Be4 Kh6 48.h5 gxh5 49.Qd1 Kg5 50.Qf3 Qg1+  0-1

[Event "Brocco op"]
[Site "Brocco"]
[Date "1988.??.??"]
[Round "?"]
[White "Sokolov, Ivan"]
[Black "Djuric, Stefan"]
[Result "1-0"]
[WhiteElo "2545"]
[BlackElo "2475"]

1.d4 Nf6 2.c4 g6 3.Nc3 Bg7 4.e4 d6 5.Be2 O-O 6.Nf3 e5 7.Be3 Qe7 8.dxe5 dxe5
9.Nd5 Nxd5 10.cxd5 c6 11.d6 Qe6 12.h4 h6 13.Qd2 Rd8 14.Rd1 Bf8 15.Bxh6 Rxd6
16.Qc1 Rxd1+ 17.Bxd1 Nd7 18.Bb3 Qe7 19.h5 Nc5 20.Bxf8 Qxf8 21.Qg5 Nxb3 22.axb3 Qb4+
23.Kf1 Be6 24.hxg6 Qxe4 25.gxf7+  1-0

[Event "Noviki"]
[Site "Budapest"]
[Date "1988.??.??"]
[Round "?"]
[White "Karolyi, Tibor Jr"]
[Black "Szilagyi, Peter"]
[Result "1/2-1/2"]
[WhiteElo "2450"]
[BlackElo "2400"]

1.d4 Nf6 2.c4 g6 3.Nc3 Bg7 4.e4 d6 5.Nf3 O-O 6.Be2 e5 7.O-O exd4 8.Nxd4 Re8
9.f3 c6 10.Kh1 Nbd7 11.Bg5 Qb6 12.Na4 Qa5 13.Bd2 Qe5 14.Bc3 Qe7 15.Qd2 Ne5
16.Rad1 Bd7 17.b3 Rad8 18.Nc2 Bc8 19.Bb4 Bf8 20.Nc3 Nh5 21.Ba3 f5 22.exf5 gxf5
23.f4 Ng4 24.g3 Bg7 25.Bf3 Qf6 26.Bb2 Qh6 27.Qg2 Nhf6 28.Kg1 Ne4 29.Bxe4 fxe4
30.h3 e3 31.hxg4 e2 32.Nxe2 Bxb2 33.f5 d5 34.cxd5 cxd5 35.Rxd5 Qb6+ 36.Kh1 Qh6+
37.Kg1 Qb6+ 38.Kh1  1/2-1/2

[Event "Budapest"]
[Site "Budapest"]
[Date "1988.??.??"]
[Round "?"]
[White "Robatsch, Karl"]
[Black "Kotronias, Vasilios"]
[Result "1/2-1/2"]
[WhiteElo "2415"]
[BlackElo "2465"]

1.Nf3 Nf6 2.c4 g6 3.Nc3 Bg7 4.e4 d6 5.d4 O-O 6.Be2 Nbd7 7.O-O e5 8.Be3 c6
9.d5 Ng4 10.Bg5 f6 11.dxc6 bxc6 12.Qxd6 fxg5 13.Qe6+ Kh8 14.Qxg4 h6 15.Qg3 Rf4
16.Ne1 Nc5 17.Qe3 Ne6 18.Nd3 Rf8 19.Bg4 Nd4 20.Bxc8 Qxc8 21.Rad1 Qe6 22.b3 g4
23.Ne1 Rf7 24.f3 Raf8 25.Rd2 gxf3 26.Nxf3 Qg4 27.Rdf2 Rf4 28.Ne1 g5 29.Nd3 Qe6
30.Ne2 Qg4 31.Nxd4 exd4 32.Rxf4 gxf4 33.Qf3 Qg5 34.e5 Bxe5 35.Qe4 Bg7 36.Rxf4 Rxf4
37.Nxf4 Qa5 38.Ng6+ Kg8 39.Qe6+ Kh7 40.Ne7 Qd8 41.Qg6+ Kh8 42.Nf5 Bf8 43.Nxh6 Bxh6
44.Qxh6+ Kg8 45.Qg6+ Kh8 46.Qxc6 d3 47.Qh6+ Kg8 48.Qd2 Qd4+ 49.Kf1 Kh7 50.c5 Qf6+
51.Ke1 Qe5+ 52.Kf2 Qxc5+ 53.Kf3 Qd4 54.b4 Kg6 55.g4 a6 56.a4 Kf7 57.h3 Ke6
58.b5 axb5 59.axb5 Kd5 60.b6 Qc4 61.Kf2 Qd4+ 62.Qe3 Qb2+ 63.Kf3 Qf6+ 64.Kg2 Qb2+
65.Qf2 d2 66.b7 Ke6 67.b8=Q Qxb8 68.Qxd2 Kf7 69.Qe3 Kg7 70.h4 Qb7+ 71.Kg3 Qc7+
72.Kh3 Qd6 73.Qg5+ Kh7 74.Qf5+ Kg7 75.Qg5+ Kh7 76.h5 Qd4 77.Qf5+ Kh8 78.Qf8+ Kh7
79.Qe7+ Kh6 80.Qf8+ Kh7 81.Qf5+ Kh8 82.Kh4 Qe3 83.Qc8+ Kg7 84.Qd7+ Kh6 85.Qd6+ Kh7
86.Qg3 Qe7+ 87.Kh3 Qf6 88.Qc7+ Kh6 89.Qc1+ Kh7 90.Qc2+ Kh6 91.Qd2+ Kg7 92.Kg3 Kh7
93.Qc2+ Kh6 94.Qc1+ Kh7 95.Qc7+ Kg8 96.Qb8+ Kg7 97.Qa7+ Kg8 98.Qa8+ Kg7 99.Qa7+ Kg8
100.Qc5 Qe6 101.Kh4 Kg7 102.Qc7+ Kh8 103.Qc3+ Kh7 104.Qd3+ Kg7 105.Qc3+ Kh7
106.g5 Kg8 107.Qd3 Qe1+ 108.Kg4 Qe6+ 109.Kf4 Qf7+ 110.Kg4 Qe6+ 111.Qf5 Qe2+
112.Qf3 Qe6+ 113.Kh4 Qe1+  1/2-1/2

[Event "Noviki"]
[Site "Budapest"]
[Date "1988.??.??"]
[Round "?"]
[White "Hoelzl, Franz"]
[Black "Szilagyi, Peter"]
[Result "0-1"]
[WhiteElo "2375"]
[BlackElo "2400"]

1.d4 Nf6 2.c4 g6 3.Nc3 Bg7 4.e4 d6 5.Be2 O-O 6.Nf3 e5 7.O-O exd4 8.Nxd4 Re8
9.f3 c6 10.Kh1 Nbd7 11.Bg5 a5 12.Qd2 a4 13.Rfd1 Qa5 14.Nc2 Nb6 15.Bf1 Nfd7
16.Bh6 Bxh6 17.Qxh6 Ne5 18.Rd4 Qc5 19.f4 Ng4 20.Qg5 Ne3 21.e5 d5 22.cxd5 cxd5
23.Nxe3 Qxd4 24.f5 Qxe5 25.Ng4 Qe7 26.Nf6+ Kh8 27.Bb5 Qe1+ 28.Bf1 Qxa1 29.Kg1 Re1  0-1

[Event "ARG-ch"]
[Site "Buenos Aires"]
[Date "1988.??.??"]
[Round "?"]
[White "Grynszpan, Mariano"]
[Black "Sabas, Jorge"]
[Result "1-0"]
[WhiteElo "2320"]
[BlackElo "2215"]

1.d4 Nf6 2.c4 g6 3.Nc3 Bg7 4.e4 d6 5.Be2 O-O 6.Nf3 e5 7.dxe5 dxe5 8.Qxd8 Rxd8
9.Bg5 Re8 10.Nd5 Nxd5 11.cxd5 c6 12.Bc4 cxd5 13.Bxd5 h6 14.Be3 Nd7 15.Nd2 Nf6
16.Bb3 Be6 17.Bxe6 Rxe6 18.Rc1 Ne8 19.Ke2 f5 20.f3 Rd8 21.Rhd1 b6 22.Nc4 Rc8
23.a4 fxe4 24.fxe4 Nf6 25.Rd6 Rxd6 26.Nxd6 Rxc1 27.Bxc1 Bf8 28.Nc8 Nxe4 29.Be3 Bc5
30.Nxa7 Bxe3 31.Kxe3 Nc5 32.b3 Nxb3 33.Nc8 Kf7 34.Nxb6 Ke6 35.Nc4 Kd5 36.Nd2 Na5
37.h3 Nc6 38.Nf3 e4 39.Nd2 Na5 40.Nxe4 Nc4+ 41.Kf4 Ke6 42.Nc3 Na5 43.Nd1 Nb7
44.Ne3 Nc5 45.a5 Nd3+ 46.Kf3 Nc5 47.g3 Na6 48.Kf4 Nc5 49.Ng4 g5+ 50.Ke3 h5
51.Nf2 Na6 52.Kd4 Kf5 53.Nd3 Nc7 54.Nb4 h4 55.g4+ Ke6 56.Ke4 Nb5 57.a6 Nc7
58.a7 Na8 59.Nc6 Nb6 60.Nd4+ Kf6 61.Nb5 Na8 62.Kd5  1-0

[Event "BCA op"]
[Site "Buenos Aires"]
[Date "1988.??.??"]
[Round "?"]
[White "Markeluk, Sergio"]
[Black "Szmetan, Jorge"]
[Result "0-1"]
[WhiteElo "2320"]
[BlackElo "2405"]

1.d4 Nf6 2.Nf3 g6 3.c4 Bg7 4.Nc3 O-O 5.e4 d6 6.Be2 Nbd7 7.O-O e5 8.Qc2 c6
9.d5 h6 10.g3 a5 11.Rd1 cxd5 12.cxd5 Nc5 13.Nh4 Bd7 14.a4 Qb6 15.Bc4 Rac8
16.b3 Bh3 17.Kh1 Qc7 18.Nb5 Qe7 19.f3 Nh5 20.Bb2 Bf6 21.Ng2 Bg5 22.Re1 Qd7
23.Bc1 f5 24.Bxg5 hxg5 25.Qd2 f4 26.g4 Nf6 27.Qxa5 Nxg4 28.Qb6 Bxg2+ 29.Kxg2 Ne3+
30.Rxe3 fxe3 31.Qxd6 Qxd6 32.Nxd6 Rcd8 33.Nb5 g4 34.fxg4 Rf2+ 35.Kg1 Nxe4
36.Re1 Rf3 37.d6+ Kg7 38.Bd5 Nd2 39.Bxb7 Rdf8 40.d7 e4 41.Nd6 Rf1+ 42.Kg2 R1f2+
43.Kh3 Rd8 44.Bxe4 Rxd7 45.Ne8+ Kh6 46.Bg2 e2 47.Kg3 Rdf7 48.Nd6 Nf1+ 49.Kh4 g5+
50.Kh3 R7f3+  0-1

[Event "BCA op"]
[Site "Buenos Aires"]
[Date "1988.??.??"]
[Round "?"]
[White "Glavina, Pablo"]
[Black "Sorin, Ariel"]
[Result "0-1"]
[WhiteElo "2240"]
[BlackElo "2485"]

1.d4 Nf6 2.c4 g6 3.Nc3 Bg7 4.e4 d6 5.Nf3 O-O 6.Be2 Nbd7 7.O-O e5 8.Re1 c6
9.Bf1 exd4 10.Nxd4 Re8 11.Bf4 Nc5 12.Qc2 Nh5 13.Be3 Be5 14.Rad1 Qe7 15.b4 Ne6
16.Nde2 Nhf4 17.Qd2 Qf6 18.Rc1 g5 19.g3 Ng6 20.Bh3 Nef4 21.Bxc8 Raxc8 22.gxf4 gxf4
23.Bd4 Nh4 24.Kh1 Nf3 25.Bxe5 dxe5 26.Qd7 Nxe1 27.Rxe1 Kh8 28.Qf5 Qe7 29.Ng1 Rg8
30.Nf3 f6 31.Nh4 Rcd8 32.c5 Rd3 33.Ne2 Rg5 34.Qc8+ Rg8 35.Nf5 Rxc8 36.Nxe7 Rcd8
37.Ng1 Rd1 38.Rxd1 Rxd1 39.Kg2 Rd4 40.a3 Rxe4 41.Nc8 Re1 42.Nf3 Ra1 43.Nd6 Rxa3
44.Nd2 b5 45.N2e4 Ra4 46.Nxf6 Rxb4 47.Nd7 Rd4 48.Nb8 Rd5 49.Na6 b4 50.Nxb4 Rxc5
51.Nf7+ Kg7 52.Nd8 Kf6 53.Nbxc6 a5  0-1

[Event "Buenos Aires"]
[Site "Buenos Aires"]
[Date "1988.??.??"]
[Round "?"]
[White "Szmetan, Jorge"]
[Black "Urday, Henry"]
[Result "0-1"]
[WhiteElo "2405"]
[BlackElo "2425"]

1.Nf3 Nf6 2.c4 g6 3.Nc3 Bg7 4.e4 d6 5.d4 O-O 6.Be2 e5 7.d5 Nbd7 8.Bg5 h6
9.Bh4 g5 10.Bg3 Nh5 11.h4 Nf4 12.hxg5 hxg5 13.Kd2 c6 14.Qc2 Re8 15.Rh2 cxd5
16.cxd5 Nf8 17.Bb5 Nd7 18.Rah1 a6 19.Bxf4 exf4 20.Bxd7 Qxd7 21.Nxg5 Qg4 22.Rh5 Re5
23.R1h4 Qxg2 24.Rh2 Qf1 25.Nd1 Bg4 26.Rh1 Qe2+  0-1

[Event "BCA op"]
[Site "Buenos Aires"]
[Date "1988.??.??"]
[Round "?"]
[White "Salgado, Robert R"]
[Black "Fiorito, Fabian"]
[Result "1-0"]
[WhiteElo "2280"]
[BlackElo "2305"]

1.d4 Nf6 2.c4 g6 3.Nc3 Bg7 4.e4 d6 5.Nf3 O-O 6.Be2 e5 7.dxe5 dxe5 8.Qxd8 Rxd8
9.Bg5 Na6 10.Nd5 Rd6 11.Bxf6 Bxf6 12.Nxf6+ Rxf6 13.Nxe5 Re6 14.f4 Nc5 15.O-O-O Re8
16.Bf3 f6 17.Nd3 Nxe4 18.Rhe1 f5 19.Bxe4 fxe4 20.Ne5 g5 21.g3 Bf5 22.Nd7 Kg7
23.fxg5 Bg4 24.Nf6 Bxd1 25.Nxe8+ Rxe8 26.Kxd1 Kg6 27.h4 Kf5 28.Rf1+ Ke5 29.Rf7 Rd8+
30.Ke2 Rd3 31.Re7+ Kf5 32.Rxc7 Rxg3 33.Rxb7 Rg2+ 34.Ke3 Rg3+ 35.Kf2 Rh3 36.Rxh7 Rh2+
37.Ke3 Rh3+ 38.Kf2 Rh2+ 39.Kg3 Rxb2 40.Rf7+ Ke5 41.g6 e3 42.g7 e2 43.Re7+ Kf6
44.g8=Q Kxe7 45.Kf2  1-0

[Event "ARG-ch"]
[Site "Buenos Aires"]
[Date "1988.??.??"]
[Round "?"]
[White "Glavina, Pablo"]
[Black "Schwanek, Carlos"]
[Result "1/2-1/2"]
[WhiteElo "2240"]
[BlackElo "2315"]

1.d4 Nf6 2.c4 g6 3.Nc3 Bg7 4.e4 d6 5.Nf3 O-O 6.Be2 e5 7.dxe5 dxe5 8.Qxd8 Rxd8
9.Bg5 Re8 10.Nd5 Nxd5 11.cxd5 c6 12.Bc4 cxd5 13.Bxd5 Na6 14.O-O-O Nb4 15.Bb3 Nc6
16.Kb1 Bg4 17.Rd3 h6 18.Be3 Red8 19.Rhd1 Nd4 20.Bd5 Rxd5 21.exd5 Bf5 22.Nxd4 exd4
23.Bf4 Rd8 24.d6 g5 25.Bg3 h5 26.h3 h4 27.Bh2 Bf8 28.Be5 Bg7 29.Bh2 Bf8 30.Be5 Bg7  1/2-1/2

[Event "Bytom"]
[Site "Bytom"]
[Date "1988.??.??"]
[Round "7"]
[White "Bogdanovski, Vlatko"]
[Black "Karlik, Jiri"]
[Result "1-0"]
[WhiteElo "2460"]
[BlackElo "2325"]

1.d4 Nf6 2.c4 g6 3.Nc3 Bg7 4.e4 d6 5.Nf3 O-O 6.Be2 e5 7.O-O Nbd7 8.Qc2 exd4
9.Nxd4 c6 10.Rd1 Qe7 11.Bg5 Nc5 12.f3 Re8 13.Rd2 Qe5 14.Be3 Nh5 15.Nb3 Nf4
16.Bf1 Bf8 17.Re1 Nce6 18.g3 Ng5 19.Qd1 Nfh3+ 20.Kh1 Qe7 21.c5 Qf6 22.Bg2 d5
23.exd5 cxd5 24.Nxd5 Qf5 25.g4 Qe5 26.f4 Nxf4 27.Nxf4 Ne4 28.Rd4  1-0

[Event "Calcutta"]
[Site "Calcutta"]
[Date "1988.??.??"]
[Round "?"]
[White "Arencibia, Walter"]
[Black "Watson, William N"]
[Result "1/2-1/2"]
[WhiteElo "2445"]
[BlackElo "2535"]

1.d4 Nf6 2.c4 g6 3.Nc3 Bg7 4.e4 d6 5.Nf3 O-O 6.Be2 c6 7.O-O e5 8.d5 a5 9.Be3 Ng4
10.Bg5 f6 11.Bh4 Na6 12.Ne1 Nh6 13.Nd3 Qb6 14.Qb3 Qxb3 15.axb3 Nc7 16.b4 axb4
17.Rxa8 Nxa8 18.Nxb4 c5 19.Nc2 Bd7 20.Ra1 Nb6 21.Ra7 Rb8 22.f3 Kf7 23.Bf2 Nc8
24.Ra2 Ke7  1/2-1/2

[Event "Caorle op"]
[Site "Caorle"]
[Date "1988.??.??"]
[Round "2"]
[White "Jovancic, Miodrag"]
[Black "Michalicz, F."]
[Result "1-0"]
[WhiteElo "2225"]
[BlackElo "2200"]

1.d4 Nf6 2.c4 g6 3.Nc3 Bg7 4.e4 d6 5.Nf3 O-O 6.Be2 e5 7.d5 Nbd7 8.Bg5 h6
9.Bh4 g5 10.Bg3 Nc5 11.Nd2 a5 12.h4 g4 13.h5 a4 14.Qc2 Bd7 15.Nf1 a3 16.b3 c6
17.Ne3 Ncxe4 18.Nxe4 Nxe4 19.Qxe4 Qa5+ 20.b4 Qxb4+ 21.Kf1 f5 22.Nc2 Qa4 23.Qd3 f4
24.Bh4 Bf5 25.Qd2 Bxc2 26.Rc1 Bf5 27.Be7 Rf7 28.Bxd6 Rd7 29.Bd1 Qa6 30.dxc6 Qxc6
31.c5 Qb5+ 32.Ke1 Qb2 33.Rh4 b6 34.Bc2 Bxc2 35.Rxc2 Qb1+ 36.Rc1 Qe4+ 37.Qe2 Qxe2+
38.Kxe2 bxc5 39.Bxc5 f3+ 40.gxf3 gxf3+ 41.Kxf3 Bf6 42.Rg4+ Kf7 43.Be3 Rb8
44.Rc6 Rb2 45.Rg6 Bg7 46.Bxh6 Bxh6 47.Rxh6 Rdd2 48.Rhf6+ Ke7 49.Kg2 Rxa2
50.h6 Rac2 51.Rce6+ Kd7 52.Ra6 Rd4 53.Ra7+ Ke8 54.Rg6 Kf8 55.h7  1-0

[Event "Caorle op"]
[Site "Caorle"]
[Date "1988.??.??"]
[Round "5"]
[White "Jovancic, Miodrag"]
[Black "Spoeltman, Willem"]
[Result "1-0"]
[WhiteElo "2225"]
[BlackElo "2200"]

1.d4 Nf6 2.Nf3 g6 3.c4 Bg7 4.Nc3 O-O 5.e4 d6 6.Be2 Nbd7 7.O-O e5 8.d5 Nc5
9.Qc2 a5 10.Bg5 h6 11.Be3 Ne8 12.Nd2 f5 13.f4 exf4 14.Rxf4 g5 15.Rff1 f4
16.Bf2 g4 17.Nb3 Nxb3 18.axb3 Qg5 19.g3 Be5 20.gxf4 Qxf4 21.Bg3 Qe3+ 22.Kg2 Nf6
23.Qd3 Qg5 24.Nb5 Qg7 25.c5 Bxg3 26.hxg3 Qd7 27.e5 dxe5 28.Qg6+ Qg7 29.Qxg7+ Kxg7
30.Nxc7 Ra7 31.b4 a4 32.Bb5 b6 33.d6 Rd8 34.Rad1 Ne4 35.cxb6 Rb7 36.Bc6 Rxb6
37.Ne8+ Kg6  1-0

[Event "COL-ch (Women)"]
[Site "?"]
[Date "1988.??.??"]
[Round "3"]
[White "Gomez, E."]
[Black "Salazar, Adriana"]
[Result "1/2-1/2"]
[WhiteElo "2035"]
[BlackElo "2095"]

1.d4 Nf6 2.c4 d6 3.Nc3 g6 4.e4 Bg7 5.Nf3 O-O 6.Be2 e5 7.dxe5 dxe5 8.Qxd8 Rxd8
9.Bg5 Re8 10.Nd5 Nxd5 11.cxd5 c6 12.Bc4 cxd5 13.Bxd5 Nc6 14.a3 Bg4 15.Nd2 Nd4
16.Rc1 Rac8 17.Nc4 b5 18.f3 Be6 19.Bxe6 Rxe6 20.Na5 Rxc1+ 21.Bxc1 Nc2+ 22.Kf2 Bf8
23.b4 Rd6 24.Ke2 Nd4+ 25.Kf2 Rd7 26.Bb2 Nc2 27.Ke2 Bh6 28.Nb3 f6 29.g3 Kg7
30.h4 Ne3 31.Bc1 Nc4 32.Bxh6+ Kxh6 33.Ra1 Rd6 34.a4 bxa4 35.Rxa4 Rb6 36.Nd2 Nb2
37.Rxa7 Rxb4 38.Ra6 Kg7 39.Ra7+ Kh6 40.Ra6 Kg7 41.Ra7+ Kh6 42.g4 Ra4 43.Rf7 Ra6
44.Nf1 Nc4 45.Kd3 Rc6 46.Ne3 Nxe3 47.Kxe3 Ra6  1/2-1/2

[Event "Copenhagen op"]
[Site "Copenhagen"]
[Date "1988.??.??"]
[Round "?"]
[White "Hartung Nielsen, Jens"]
[Black "Nerlov, Claus"]
[Result "1-0"]
[WhiteElo "2270"]
[BlackElo "2265"]

1.c4 Nf6 2.Nc3 g6 3.e4 d6 4.d4 Bg7 5.Nf3 O-O 6.Be2 e5 7.Be3 Ng4 8.Bg5 f6
9.Bh4 g5 10.Bg3 Nh6 11.d5 a5 12.Nd2 Na6 13.h3 Nc5 14.Nb3 Nxb3 15.Qxb3 f5
16.O-O-O a4 17.Qc2 fxe4 18.Nxe4 Nf5 19.Qd2 Nd4 20.Bd3 h6 21.f3 a3 22.b3 c6
23.Kb1 cxd5 24.cxd5 Bf5 25.Qb4 Bxe4 26.Bxe4 Qd7 27.Be1 Rfc8 28.Bd2 Rc5 29.Rc1 Rb5
30.Qc4 Rb6 31.Qd3 Kf8 32.Rc4 Rc8 33.Rxd4 exd4 34.Bf5 Qd8 35.Bxc8 Qxc8 36.Rc1 Qd7
37.Ba5 Rb5 38.Rc7 Qe8 39.Qf5+ Kg8 40.Rc8  1-0

[Event "Copenhagen op"]
[Site "Copenhagen"]
[Date "1988.??.??"]
[Round "?"]
[White "Hartung Nielsen, Jens"]
[Black "Sinkovics, Peter"]
[Result "1/2-1/2"]
[WhiteElo "2270"]
[BlackElo "2310"]

1.d4 Nf6 2.Nf3 g6 3.c4 Bg7 4.Nc3 O-O 5.e4 d6 6.Be2 Nbd7 7.O-O e5 8.Be3 Ng4
9.Bg5 f6 10.Bh4 Nh6 11.dxe5 dxe5 12.b4 a5 13.a3 Re8 14.Nd2 g5 15.Bg3 f5 16.f3 c6
17.Bf2 axb4 18.axb4 Rxa1 19.Qxa1 Nf8 20.Rd1 Ne6 21.c5 Qe7 22.Nc4 Nd4 23.Nd6 Rf8
24.Nxc8 Rxc8 25.Bc4+ Kh8 26.Ne2 Nxe2+ 27.Bxe2 g4 28.Qc1 gxf3 29.gxf3 fxe4
30.fxe4 Nf7 31.Qd2 Rd8 32.Qe1 Rg8 33.Kh1 Ng5 34.Bg4 Ne6 35.Rd6 Nd4 36.Bh4 Qf7
37.Qf2 Qb3 38.Qd2 Qb1+ 39.Qe1 Qb3 40.Rd8 Nf3 41.Rxg8+ Kxg8 42.Bxf3 Qxf3+
43.Kg1 Bh6 44.Qg3+ Qxg3+ 45.Bxg3 Bd2 46.Bxe5 Bxb4 47.Bd4  1/2-1/2

[Event "Copenhagen op"]
[Site "Copenhagen"]
[Date "1988.??.??"]
[Round "?"]
[White "Sinkovics, Peter"]
[Black "Thorsteins, Karl"]
[Result "0-1"]
[WhiteElo "2310"]
[BlackElo "2440"]

1.d4 Nf6 2.Nf3 g6 3.c4 Bg7 4.Nc3 O-O 5.e4 d6 6.Be2 Nbd7 7.O-O e5 8.Be3 c6
9.Re1 Qe7 10.d5 c5 11.Nd2 h6 12.Rb1 Nh7 13.b4 f5 14.f3 b6 15.a4 f4 16.Bf2 g5
17.a5 h5 18.Na4 Kh8 19.axb6 axb6 20.Nxb6 Nxb6 21.bxc5 Na4 22.cxd6 Qxd6 23.Qc2 g4
24.Ra1 g3 25.hxg3 fxg3 26.Bxg3 Bd7 27.Bf2 Nc5 28.Nb3 Nxb3 29.Qxb3 Qg6 30.Rxa8 Rxa8
31.Qb7 Rd8 32.c5 Bf6 33.Bf1 Ng5 34.Kh1 h4 35.c6 Bc8 36.Qb3 Be7 37.Qc3 Bd6
38.Bc5 Bxc5 39.Qxc5 h3 40.Qf2 hxg2+ 41.Bxg2 Qh6+ 42.Kg1 Nh3+ 43.Bxh3 Bxh3
44.Qh2 Rg8+ 45.Kf2 Qd2+ 46.Re2 Qd4+ 47.Ke1 Rg1+ 48.Qxg1 Qxg1+ 49.Kd2 Bf1
50.c7 Qc5 51.Rh2+ Kg7 52.Rh1 Bc4  0-1

[Event "Copenhagen op"]
[Site "Copenhagen"]
[Date "1988.??.??"]
[Round "?"]
[White "Brinck Claussen, Bjorn"]
[Black "Djurhuus, Rune"]
[Result "0-1"]
[WhiteElo "2370"]
[BlackElo "2315"]

1.d4 Nf6 2.c4 g6 3.Nc3 Bg7 4.e4 d6 5.Be2 O-O 6.Nf3 Nbd7 7.O-O e5 8.Qc2 c6
9.Rd1 Qe7 10.Rb1 a5 11.b3 exd4 12.Nxd4 Nc5 13.f3 Nh5 14.Bf1 f5 15.exf5 Bxd4+
16.Rxd4 Bxf5 17.Ne4 Bxe4 18.fxe4 Rxf1+ 19.Kxf1 Qe5 20.Be3 Qxh2 21.Ke1 Ng3
22.Kd2 Qxg2+ 23.Kc3 Ne2+ 24.Kb2 Qf3 25.Re1 Nxd4 26.Bxd4 Nd3+  0-1

[Event "Copenhagen op"]
[Site "Copenhagen"]
[Date "1988.??.??"]
[Round "?"]
[White "Munck Mortensen, Peter"]
[Black "Szekely, Peter"]
[Result "1/2-1/2"]
[WhiteElo "2290"]
[BlackElo "2420"]

1.d4 Nf6 2.Nf3 g6 3.c4 Bg7 4.Nc3 O-O 5.e4 d6 6.Be2 e5 7.dxe5 dxe5 8.Qxd8 Rxd8
9.Bg5 c6 10.Nxe5 Re8 11.O-O-O Na6 12.f4 h6 13.Bh4 Nc5 14.Bf3 g5  1/2-1/2

[Event "Copenhagen op"]
[Site "Copenhagen"]
[Date "1988.??.??"]
[Round "?"]
[White "Groszpeter, Attila"]
[Black "Kupreichik, Viktor D"]
[Result "1/2-1/2"]
[WhiteElo "2495"]
[BlackElo "2510"]

1.d4 Nf6 2.c4 g6 3.Nc3 Bg7 4.e4 d6 5.Nf3 O-O 6.Be2 e5 7.Be3 Ng4 8.Bg5 f6
9.Bh4 Nc6 10.dxe5 dxe5 11.O-O h5 12.Bg3 Qe8 13.Qb3 g5 14.h4 gxh4 15.Bxh4 Nd8
16.c5+ Be6 17.Bc4 Bxc4 18.Qxc4+ Qf7 19.Qxf7+ Kxf7 20.Rfd1 Ne6 21.b4 Rfd8
22.Nd5 a5 23.a3 axb4 24.axb4 Bh6 25.Rxa8 Rxa8 26.Nh2 Bg5 27.Nxc7 Nxc7 28.Bxg5 Na6
29.Nxg4 hxg4 30.Rd7+ Kg6 31.Bd2 Ra7 32.c6 Ra8 33.Rxb7 Rc8 34.Rb6 Nc7 35.b5 f5
36.exf5+ Kxf5 37.Rb7 Ne6 38.Be3 Ke4 39.g3 Nd4 40.Bxd4 exd4 41.Re7+ Kd5 42.Kf1 Kc4
43.b6 Rxc6 44.Rc7 Kd5 45.b7 Rb6 46.Ke2 Rb2+ 47.Kd3 Rb3+ 48.Kc2 Rb6 49.Rf7 Kc4
50.Rg7 Rb4 51.Rc7+ Kd5 52.Rg7 Kc4 53.Rc7+ Kd5 54.Kd3  1/2-1/2